000 00504nam a22001937a 4500
003 DO-SdBNP
005 20180213152235.0
008 171101b 2008||| |||| 00| 0 spa d
020 _a9789945068566
040 _aBPMSU
_bspa
_cBPMSU
100 1 _aNuñez, Frank
245 1 3 _aLa brega /
_cFrank Núñez
250 _a2a ed.
260 _aSanto Domingo :
_bSantuario,
_c2008.
300 _a186 p. ;
_c23 cm.
942 _2ddc
_cBK
945 _aInventariado, 2018/ YL
956 _aBTAVAREZ
_b10
_c20170111
_d0038
999 _c12746
_d12746